YUQI Song Quiz - Statistics

General Stats
  • This quiz has been taken 36 times
  • The average score is 7 of 9
Answer Stats
Answer % Correct
FREAK
100%
On Clap
93%
Red Rover
86%
Bonnie and Clyde
83%
Everytime
83%
Could It Be
79%
Giant
79%
Drink It Up
69%
My Way
69%
No matching quizzes found
Score Distribution
Percent of People with Each Score
Percentile by Number Answered
Your Score History
You have not taken this quiz